00372nam a2200121Ia 45000010005000000080041000050820022000461000059000682450057001272600024001849010027002089990015002353002241024s9999 xx 000 0 und d aRD/371/R426e/2013 aRepública Dominicana.Ministerio de Educación-MIERD 0aExistencia de materiales educativos en los almacenes bSanto Domingoc2013 a11/7/2013 4:14:25 p.m. c8751d8751